| 000 | 00000nam 2200000za 4500 |
| 001 | 9.841004 |
| 003 | CaOODSP |
| 005 | 20221107152001 |
| 007 | cr ||||||||||| |
| 008 | 170803s1990 qucb #o f000 0 eng d |
| 020 | |z0-662-57901-1 |
| 040 | |aCaOODSP|beng |
| 043 | |an-cn--- |
| 086 | 1 |aEn107-3/20-1990E-PDF|zEn107-3/20-1990 |
| 100 | 1 |aNakashima, D. J. |
| 245 | 10|aApplication of native knowledge in EIA |h[electronic resource] : |bInuit, Eiders and Hudson Bay oil / |cDouglas J. Nakashima. |
| 260 | |aHull, Quebec : |bCanadian Environmental Assessment Research Council, |c1990. |
| 300 | |a29 p. : |bmaps. |
| 500 | |a"September 1990." |
| 500 | |aDigitized edition from print. |
| 500 | |aIssued also in French under title: Les connaissances des autochtones appliquées aux études d'impact environnemental : les Inuit, les eiders et le pétrole de la baie d'Hudson. |
| 504 | |aIncludes bibliographic references. |
| 520 | |a"The search for petroleum continues to dominate the arctic development landscape. As a result, oil spills in arctic waters remain a central environmental concern. Confronted with unrelenting pressure for northern petroleum development, individuals responsible for environmental impact assessment (EIA) face a most difficult task"--Introduction, p. 1. |
| 692 | 07|2gccst|aEnvironmental impact assessment |
| 692 | 07|2gccst|aAboriginal peoples |
| 710 | 1 |aCanada. |bCanadian Environmental Assessment Agency. |
| 775 | 08|tLes connaissances des autochtones appliquées aux études d'impact environnemental |w(CaOODSP)9.841011 |
| 856 | 40|qPDF|s643 KB|uhttps://publications.gc.ca/collections/collection_2017/acee-ceaa/En107-3-20-1990-eng.pdf |